00523nam a22001697a 450000500170000001000150001702000250003203500140005703700130007108200080008424500890009225000200018126000440020127000640024530000220030970000220033120181030125746.0 aENG-124412 a9788123025841c70.00 aEN-107944 bDBAD/PUB a954 aIndia art and architecture in ancient and medieval periods /ced. by Roma Chatterjee a5th reprint ed. aNew Delhi bPublications Divisionc2017 aSoochna Bhawan, CGO Complex, Lodhi Road. bNew Delhie10003 a106p.c21cm.(pbk) a Chatterjee, Roma